Anuario político-social de España / (Record no. 173072)

MARC details
000 -LEADER
campo de control de longitud fija 00602nas a2200193 i 4500
001 - NÚMERO DE CONTROL
campo de control 173072
003 - IDENTIFICADOR DE NÚMERO DE CONTROL
campo de control ES-MaACL
005 - FECHA Y HORA DE LA ÚLTIMA TRANSACCIÓN
campo de control 20250217134833.0
008 - DATOS DE LONGITUD FIJA--INFORMACIÓN GENERAL
campo de control de longitud fija 091027c1946 sp a| | ||pa d
080 ## - NÚMERO DE LA CLASIFICACIÓN DECIMAL UNIVERSAL
Número de la Clasificación Decimal Universal 351.83(460)(058)
245 00 - MENCIÓN DEL TÍTULO
Título Anuario político-social de España /
Mención de responsabilidad, etc. por Miguel de Vega y Haro y Fernando de Anchóriz de Andrés.
260 ## - PUBLICACIÓN, DISTRIBUCIÓN, ETC.
Lugar de publicación, distribución, etc. Bilbao :
Nombre del editor, distribuidor, etc. [s.n.],
Fecha de publicación, distribución, etc. 1946-
300 ## - DESCRIPCIÓN FÍSICA
Extensión 3 v. ;
Dimensiones 25 cm.
700 1# - ENTRADA AGREGADA--NOMBRE PERSONAL
Nombre de persona Vega y Haro, Miguel de.
9 (RLIN) 141482
700 1# - ENTRADA AGREGADA--NOMBRE PERSONAL
Nombre de persona Anchóriz de Andrés, Fernando de.
9 (RLIN) 141483
852 ## - LOCALIZACIÓN
Ubicación ES-MaACL
Número de control de estantería Hem-941
866 #0 - MENCIÓN TEXTUAL DE FONDOS--UNIDAD BIBLIOGRÁFICA BÁSICA
Fondos 1946-48.
Holdings
Estatus retirado Estado de pérdida Estado de daño No para préstamo Colección Biblioteca de origen Biblioteca actual Ubicación en estantería Fecha de adquisición Fuente de adquisición Total de préstamos Signatura topográfica completa Código de barras Visto por última vez Precio de reemplazo Tipo de ítem Koha
        Periódicos y Revistas Biblioteca del Ateneo de Madrid Biblioteca del Ateneo de Madrid Depósito 1 27/10/2009     Hem-941 1181604 23/02/2023 23/02/2023 Revista